00536nam a2200133Ia 4500001000400000008004100004082002300045100008500068245017500153260002500328590000700353901002700360999001500387380241024s9999 xx 000 0 und d aRD/378.97293/R426t aRepública Dominicana.Secretaria de Estado de Educación Ciencia yTecnología 0aTIC en la Gestión Administrativa.Situación perspectiva de los sistemas informáticos para la gestión de los procesos universitarios -mesas de trabajo de la SEESCyT bEditora Manatic2006 asi a4/11/2010 2:40:27 p.m. c8335d8335